Exportación Completada — 

Khảo sát các hoạt tính sinh học của cao chiết cỏ mần trầu (Eleusine indican (L.) Gaertn) : Luận văn tốt nghiệp Cao học. Chuyên ngành Công nghệ Sinh học

Điều chế cao chiết cỏ mần trầu, định tính các nhóm hợp chất tự nhiên và định lượng flavonoid và alkaloid tổng có trong cao chiết, khảo sát và so sánh hoạt tính sinh học của cao chiết khả năng chống oxy hóa và kháng khuẩn....

Full beskrivning

Sparad:
Bibliografiska uppgifter
Huvudupphovsman: Nguyễn, Thanh Nhật Phương
Materialtyp: Bok
Språk:Undetermined
Publicerad: Cần Thơ Trường Đại học Cần Thơ 2017
Ämnen:
Taggar: Lägg till en tagg
Inga taggar, Lägg till första taggen!
Thư viện lưu trữ: Trung tâm Học liệu Trường Đại học Cần Thơ
LEADER 01154nam a2200193Ia 4500
001 CTU_224257
008 210402s9999 xx 000 0 und d
082 |a 615.321 
082 |b Ph561 
100 |a Nguyễn, Thanh Nhật Phương 
245 0 |a Khảo sát các hoạt tính sinh học của cao chiết cỏ mần trầu (Eleusine indican (L.) Gaertn) : 
245 0 |b Luận văn tốt nghiệp Cao học. Chuyên ngành Công nghệ Sinh học 
245 0 |c Nguyễn Thanh Nhật Phương ; Nguyễn Đức Độ (Cán bộ hướng dẫn) 
260 |a Cần Thơ 
260 |b Trường Đại học Cần Thơ 
260 |c 2017 
520 |a Điều chế cao chiết cỏ mần trầu, định tính các nhóm hợp chất tự nhiên và định lượng flavonoid và alkaloid tổng có trong cao chiết, khảo sát và so sánh hoạt tính sinh học của cao chiết khả năng chống oxy hóa và kháng khuẩn. 
650 |a Cây dược liệu,Medicinal plants 
980 |a Trung tâm Học liệu Trường Đại học Cần Thơ